The ABC of bank credit / (Record no. 128183)

MARC details
000 -LEADER
fixed length control field 00645nam a22002177a 4500
005 - DATE AND TIME OF LATEST TRANSACTION
control field 20170124110036.0
010 ## - LIBRARY OF CONGRESS CONTROL NUMBER
LC control number A-288565
020 ## - INTERNATIONAL STANDARD BOOK NUMBER
Terms of availability 00.00
035 ## - SYSTEM CONTROL NUMBER
System control number A-288565
037 ## - SOURCE OF ACQUISITION
Source of stock number/acquisition Cen Lib/Ret
040 ## - CATALOGING SOURCE
Original cataloging agency DPL
Language of cataloging EN
082 ## - DEWEY DECIMAL CLASSIFICATION NUMBER
Classification number 332.1
Item number MAL
100 ## - MAIN ENTRY--PERSONAL NAME
Personal name Mallya, K. G
9 (RLIN) 22640
245 ## - TITLE STATEMENT
Title The ABC of bank credit /
Statement of responsibility, etc by K. G. Mallya
260 ## - PUBLICATION, DISTRIBUTION, ETC. (IMPRINT)
Place of publication, distribution, etc Bombay
Name of publisher, distributor, etc Popular Prakashan
Date of publication, distribution, etc 1985
270 ## - ADDRESS
Address 35-C, Pandit Mohan Madan Marg, Tardeo
City Bombay
Postal code 400034
300 ## - PHYSICAL DESCRIPTION
Extent xi,108p.
Dimensions 21cm(Hb)
650 ## - SUBJECT ADDED ENTRY--TOPICAL TERM
Topical term or geographic name as entry element Banks and banking
9 (RLIN) 114369
650 ## - SUBJECT ADDED ENTRY--TOPICAL TERM
Topical term or geographic name as entry element Banks and banking--Government policy
9 (RLIN) 114370
942 ## - ADDED ENTRY ELEMENTS (KOHA)
Source of classification or shelving scheme Dewey Decimal Classification
Koha item type English Books
Classification part 332.1
Call number suffix MAL
Holdings
Withdrawn status Lost status Damaged status Not for loan Home library Current library Date acquired Source of acquisition Cost, normal purchase price Total Checkouts Full call number Barcode Date last seen Copy number Cost, replacement price Price effective from Koha item type Public note
Written off       Central Library Central Library 01/07/2015 Cen Lib/Ret 0.00   332.1 MAL A-288565 01/07/2015 1 0.00 15/09/2016 English Books Written off on approval by DLB (By Circulation); dtd 15-06-2023

© Delhi Public Library
Hit Counter
free hit counter